| 000 | 00937nam a22002657a 4500 | ||
|---|---|---|---|
| 999 |
_c21483 _d21483 |
||
| 003 | AR-CdUCM | ||
| 008 | 190220b ||||| |||| 00| 0 spa d | ||
| 020 | _a9789972512988 | ||
| 040 |
_aMUNICIPALIDAD PROVINCIAL DEL CUSCO _cBIBLIOTECA MUNICIPAL DEL CUSCO |
||
| 082 |
_a305.235/G59 _bG59 |
||
| 100 |
_aGolte, Jürgen _946 |
||
| 245 |
_aPolifacéticos : jóvenes limeños del siglo XXI / _cJürgen Golte, Doris León Gabriel |
||
| 260 |
_aLima : _bInstituto de Estudios Peruanos, IEP, _bAtoq Editores, _c2011. |
||
| 300 |
_a226 páginas ; _bilustraciones, _c24 cm. |
||
| 440 |
_aSerie Sociedad y actualidad, _n1. _944983 |
||
| 500 | _zBibliografía: p. 221-226. | ||
| 650 |
_aJóvenes _923872 |
||
| 650 |
_aCondiciones sociales _944984 |
||
| 650 |
_aLima _9231 |
||
| 650 |
_aPerú _944985 |
||
| 700 |
_aLéon Gabriel, Doris _944986 |
||
| 710 |
_aInstituto de Estudios Peruanos (Lima) _99759 |
||
| 942 |
_2ddc _cLIBROS |
||
| 945 | _aRoel | ||